000 00317 a2200145 4500
001 156192
040 _cEscola São Tomás de Aquino
100 _aPENNART, Geoffroy
240 1 0 _aO lobo voltou!
_lpor
245 1 0 _aO lobo voltou!
300 _a35
362 0 _a2011
697 _a*LITERATURA INFANTO
942 _cBK
999 _c156192
_d156192